LEADER 00893naa a2200181 i 4500 001 000000318425 003 CaOOAMICUS 005 20180831173247.0 008 180831n it u000 u ita u 013 $a27906 040 $aSeMil$bita 100 1 $aGhirlanda, Gianfranco,$c.$0(OLS)http://semarc/name/89593 245 10$aChiesa universale, particolare e locale nel Vaticano II e nel nuovo Codice di diritto canonico. 650 4$aConcilio Vaticano II <1962-1965> - Ecclesiologia.$0(OLS)http://semarc/subject/3017 650 4$aEcclesiologia.$0(OLS)http://semarc/subject/42996 650 4$aChiesa universale e chiese particolari.$0(OLS)http://semarc/subject/16244 650 4$aEcclesiologia - Diritto canonico.$0(OLS)http://semarc/subject/40996 996 $6245$aChiesa universale, particolare e locale nel Vaticano II e nel nuovo Codice di diritto canonico$9(OLS)http://semarc/title/392306 LEADER 01137nam a2200277 4500 001 000000333016 003 CaOOAMICUS 005 20190404113659.0 008 190321s2019 it 000 u ita r 020 $a978-88-922-1768-3 040 $aSeMil$bita 100 1 $aZanini, Roberto Italo.$0(OLS)http://semarc/name/29631 245 10$aBakhita :$bil fascino di una donna libera /$cRoberto Italo Zanini. 264 1$aCinisello Balsamo :$bSan Paolo,$c2019. 300 $a158 p. ;$c21 cm 490 1 $aParole per lo spirito 541 1 $aFondo mons. Mario Delpini 600 14$aBakhita, Giuseppina .$0(OLS)http://semarc/subject/7577 830 0$aParole per lo spirito.$0(OLS)http://semarc/title/32563 850 $aSeMil 852 $aSeMil$W1$xVenegono$y1$m3H III 487$j213079$B225984$CSeMilBibl$Z2$F225984 $81 941 1 $a7 996 $6020$a978-88-922-1768-3$9(OLS)http://semarc/number/286898 996 $6245$aBakhita :$bil fascino di una donna libera$9(OLS)http://semarc/title/422172 996 $6264$aCinisello Balsamo :$bSan Paolo$9(OLS)http://semarc/publisher/30129